000 00647nam a2200205 4500
003 OSt
005 20240719080943.0
006 a
008 240719b |||||||| |||| 00| 0 eng d
020 _a9780071285513
040 _aDWCL-Main lib.
_cOC
082 _aCirc. 658.1511 H656m 2009
100 _aHilton, Ronald W.
245 _aManagerial accounting: creating value in a dynamic business environment /
260 _aBoston :
_bMcGraw-Hill/Irwin,
_cc2009.
300 _axxxv,
_b812 p. : col. ill. ;
_c28 cm.
504 _aIncludes bibliographical references & index.
650 _a1. Managerial accounting.
942 _2ddc
_n0
_cBK-CIRC
_kCirc.
999 _c2458
_d2458